000 00357nam a2200133Ia 4500
008 151001s9999||||xx |||||||||||||| ||und||
100 _aM N Roy
245 _aIntelectual Roots of Modern Civilisation
250 _a1
260 _bRenissance
260 _c2002
300 _a127
365 _b21
999 _c983471
_d983468